000 00605cab a2200193 4500
001 WB2239-35
008 090401t1986 xxu||||| |||| 00| 0 eng d
035 _a(Sirsi) u8975
041 _aeng
245 _aDivorced couple lose council home discount
260 _c1986
350 _a0
490 _aTimes
_v27/9/86 p30
520 _aDiscusses a recent High Court decision in which a divorced couple selling their former council home were ordered to repay the discount from the proceeds of the sale .
650 _aDIVORCE
690 _aPROPERTY LAW AND PRACTICE
942 _n0
948 _c04/03/1997
999 _c5561
_d5561